ბათუმის შოთა რუსთაველის სახელმწიფო უნივერსიტეტის ბიბლიოთეკა

საკორპორაციო სამართლის კრებული : (ბიბ.ჩანაწერი № 49347)

000 -ლიდერი
ფიქსირებული სიგრძის საკონტროლო ველი 01525nam a2200325Ia 4500
001 - საკონტროლო ნომერი
საკონტროლო ველი 16264
003 - საკონტროლო ნომრის იდენტიფიკატორი
საკონტროლო ველი GE_BSU
005 - ბოლო ოპერაციის თარიღი და დრო
საკონტროლო ველი 20251118204141.0
008 - ფიქსირებული სიგრძის მონაცემთა ელემენტები - ზოგადი ინფორმაცია
ფიქსირებული სიგრძის საკონტროლო ველი 181216s2011||||ge |||||||||||||| ||geo||
020 ## - წიგნის საერთაშორისო სტანდარტული ნომერი
International Standard Book Number 9789941104589
040 ## - კატალოგიზაციის წყარო
Transcribing agency GE_BSU
041 ## - ენის კოდი
Language code of text/sound track or separate title geo
080 ## - უნივერსალური ათობითი კლასიფიკაციის ინდექსი
Universal Decimal Classification number 346.26 ს-19
245 ## - ცნობა სათაურის შესახებ
Title საკორპორაციო სამართლის კრებული :
Remainder of title ტ. 1 /
Statement of responsibility, etc რედაქტორი ირაკლი ბურდული.
264 ## - წარმოების, გამოცემის, დისტრიბუციის და სხვა ცნობები
გამოცემის, წარმოების, დისტრიბუციის... ადგილი თბილისი :
გამოცემის, წარმოების, დისტრიბუციის... სახელწოდება მერიდიანი,
გამოცემის, წარმოების, დისტრიბუციის... თარიღი 2011.
300 ## - ფიზიკური აღწერა
Extent 372 გვ.;
Other physical details 24 სმ.
300 ## - ფიზიკური აღწერა
Other physical details ბიბლიოგრ.: გვ. 367-370
500 ## - ზოგადი შენიშვნა
General note ბიბლიოგრაფია: გვ. 367-370.
653 ## - INDEX TERM--UNCONTROLLED
Uncontrolled term საკორპორაციო სამართლის კრებული
653 ## - INDEX TERM--UNCONTROLLED
Uncontrolled term სამართალი
653 ## - INDEX TERM--UNCONTROLLED
Uncontrolled term შედარებითი სამართალი.
700 ## - ADDED ENTRY--PERSONAL NAME
Personal name ქირია, აკაკი
Relator term ავტორი
9 (RLIN) 26269
700 ## - ADDED ENTRY--PERSONAL NAME
Personal name გულაშვილი, ნიკოლოზ
Relator term ავტორი
9 (RLIN) 26270
700 ## - ADDED ENTRY--PERSONAL NAME
Personal name მაისურაძე, დავით
Relator term ავტორი
9 (RLIN) 5582
700 ## - ADDED ENTRY--PERSONAL NAME
Personal name რობაქიძე, სალომე
Relator term ავტორი
9 (RLIN) 26271
700 ## - ADDED ENTRY--PERSONAL NAME
Personal name მახარობლიშვილი, გიორგი
Relator term ავტორი
9 (RLIN) 9266
700 ## - ADDED ENTRY--PERSONAL NAME
Personal name ბურდული, ირაკლი
Relator term რედაქტორი
9 (RLIN) 7029
942 ## - ADDED ENTRY ELEMENTS (KOHA)
Koha item type წიგნი
Source of classification or shelving scheme
ეგზემპლარები
ჩამოწერის სტატუსი დაკარგული ეგზემპლარის სტატუსი კლასიფიკაციის წყარო ან თაროზე გაწყობის სქემა დაზიანების სტატუსი არ გაიცემა მუდმივი მდებარეობა (დაცვის ადგილი) ამჟამინდელი ადგილსამყოფელი თაროზე განთავსების ადგილი შეძენის თარიღი ღირებულება, შესყიდვის ნორმალური ფასი სრული შენახვის შიფრი შტრიხკოდი ბოლო ოპერაციის თარიღი ეგზემპლარის მიმდევრობითი ნომერი (კეტერი?) ფასის ძალაში შესვლის თარიღი ეგზემპლარის სახეობა საჯარო შენიშვნა
          ბათუმის შოთა რუსთაველის სახელმწიფო უნივერსიტეტის მთავარი ბიბლიოთეკა ბათუმის შოთა რუსთაველის სახელმწიფო უნივერსიტეტის მთავარი ბიბლიოთეკა წიგნსაცავი 2018-12-17 13.00 346.26 ს-19 40620 2018-12-17 40620 2018-12-17 წიგნი 13 ლ.
          ბათუმის შოთა რუსთაველის სახელმწიფო უნივერსიტეტის მთავარი ბიბლიოთეკა ბათუმის შოთა რუსთაველის სახელმწიფო უნივერსიტეტის მთავარი ბიბლიოთეკა წიგნსაცავი 2018-12-17 13.00 346.26 ს-19 40621 2018-12-17 40621 2018-12-17 წიგნი 13 ლ.